[Event "Frankfurt Ch 2007"]
[Site "Ffm-Kalbach, LAZ"]
[Date "2007.06.04"]
[Round "5.29"]
[White "Geringer, Waldemar"]
[Black "Von Auer, Ulrich"]
[Result "1/2-1/2"]
[WhiteElo "1862"]
[BlackElo "2130"]
[PlyCount "85"]
[EventDate "2007.??.??"]

1. d4 Nf6 2. c4 g6 3. Nc3 d5 4. cxd5 Nxd5 5. e4 Nxc3 6. bxc3 Bg7 7. Bc4 c5 8.
Be3 Nc6 9. Ne2 O-O 10. O-O Bg4 11. f3 Na5 12. Bxf7+ Rxf7 13. fxg4 Rxf1+ 14.
Kxf1 cxd4 15. cxd4 e5 16. Kg1 exd4 17. Nxd4 Qe7 18. Rc1 Qxe4 19. Qf3 Qe5 20. h4
Re8 21. Bf2 Rf8 22. Qe3 Qxe3 23. Bxe3 Bxd4 24. Bxd4 Nc6 25. Be3 Re8 26. Bh6 Kf7
27. Rf1+ Ke6 28. h5 Kd5 29. Kh2 Re4 30. Kg3 Ne5 31. Rf4 Rxf4 32. Kxf4 Nf7 33.
Bg7 b5 34. a3 Kc4 35. Ke4 a5 36. Bf8 b4 37. axb4 axb4 38. Bxb4 Kxb4 39. Kd5 Nh6
40. g5 Nf7 41. hxg6 hxg6 42. Ke6 Nxg5+ 43. Kf6 1/2-1/2

[Event "Frankfurt Ch 2007"]
[Site "Ffm-Kalbach, LAZ"]
[Date "2007.06.04"]
[Round "5.30"]
[White "Orlinski, Wolfgang"]
[Black "Müller, Pascal"]
[Result "1/2-1/2"]
[WhiteElo "1767"]
[BlackElo "2033"]
[PlyCount "74"]
[EventDate "2007.??.??"]

1. c4 d5 2. cxd5 Nf6 3. Nc3 Nxd5 4. Nf3 g6 5. g3 Bg7 6. Bg2 O-O 7. O-O Nc6 8.
d4 e5 9. Nxd5 Qxd5 10. Nxe5 Qxd4 11. Nxc6 bxc6 12. Qxd4 Bxd4 13. Rd1 Bg7 14.
Be3 Rb8 15. Rd2 Rxb2 16. Rxb2 Bxb2 17. Rb1 Bf6 18. Bxa7 Be6 19. a4 Ra8 20. Rb7
Be5 21. Bxc6 Bc8 22. Rxc7 Bxc7 23. Bxa8 Bd7 24. Bd4 Bxa4 25. Bf6 Bb3 26. e4 h5
27. Kg2 Be6 28. f4 Bb6 29. Bd5 Bc5 30. Bxe6 fxe6 31. Kf3 Kf7 32. Bd8 Ba3 33. g4
hxg4+ 34. Kxg4 Bb2 35. h4 Bc3 36. Bc7 Bb2 37. Be5 Ba3 1/2-1/2

[Event "Frankfurt Ch 2007"]
[Site "Ffm-Kalbach, LAZ"]
[Date "2007.06.04"]
[Round "5.31"]
[White "Genis, Roy"]
[Black "Fernandez-Egea, Andres"]
[Result "1-0"]
[WhiteElo "1895"]
[BlackElo "2043"]
[PlyCount "101"]
[EventDate "2007.??.??"]

1. e4 e5 2. Nf3 Nc6 3. d4 exd4 4. Nxd4 Nf6 5. Nxc6 bxc6 6. e5 Qe7 7. Qe2 Nd5 8.
c4 Nb6 9. Nc3 Qe6 10. b3 a5 11. Bb2 Ba6 12. Qe4 Bb4 13. O-O-O O-O 14. Bd3 g6
15. h4 a4 16. h5 axb3 17. axb3 d5 18. exd6 Qf6 19. Na2 Ba3 20. Rd2 Bxb2+ 21.
Rxb2 Qxd6 22. hxg6 fxg6 23. Re1 Bc8 24. g4 Bxg4 25. Qxg4 Qxd3 26. Qe6+ Rf7 27.
Rd1 Qf3 28. Rbd2 Qxb3 29. Rd8+ Rxd8 30. Rxd8+ Kg7 31. Qe5+ Kh6 32. Qh2+ Kg5 33.
Qe5+ Rf5 34. Qe7+ Kh6 35. Qh4+ Kg7 36. Qe7+ Rf7 37. Qe5+ Kh6 38. Qh2+ Kg5 39.
Qe5+ Kg4 40. Rd4+ Kh3 41. Qe4 Rf3 42. Qh4+ Kg2 43. Rg4+ Kf1 44. Qh1+ Kxf2 45.
Qg1+ Ke2 46. Qg2+ Rf2 47. Re4+ Kd3 48. Qg3+ Kxe4 49. Qxb3 h5 50. Nb4 g5 51.
Qd3+ 1-0

[Event "Frankfurt Ch 2007"]
[Site "Ffm-Kalbach, LAZ"]
[Date "2007.06.04"]
[Round "5.33"]
[White "Nagel, Norbert"]
[Black "Matzies, Alexander"]
[Result "0-1"]
[WhiteElo "1730"]
[BlackElo "1995"]
[PlyCount "108"]
[EventDate "2007.??.??"]

1. e4 c5 2. c3 d5 3. exd5 Qxd5 4. d4 Nf6 5. Nf3 e6 6. Bb5+ Bd7 7. Bxd7+ Nbxd7
8. O-O Bd6 9. Qe2 O-O 10. dxc5 Qxc5 11. Rd1 Nb6 12. Nbd2 Rfd8 13. Nf1 h6 14.
Be3 Qc7 15. Bxb6 Qxb6 16. Ne3 Bc5 17. h3 Ne4 18. Ne5 Bxe3 19. Qxe3 Qxe3 20.
fxe3 f6 21. Nd3 Kf7 22. Kf1 Ke7 23. Nf2 Ng3+ 24. Ke1 e5 25. Rxd8 Rxd8 26. Rd1
Rxd1+ 27. Kxd1 Kd6 28. Kd2 f5 29. e4 f4 30. Kd3 Nf1 31. Nd1 g5 32. Ke2 Ng3+ 33.
Kf3 h5 34. Nf2 Nf1 35. Ke2 Ne3 36. Kf3 a5 37. g3 fxg3 38. Kxg3 a4 39. Kf3 a3
40. bxa3 Nc4 41. h4 gxh4 42. Kg2 Nxa3 43. Kh3 Nb1 44. Nd1 Kc5 45. Kxh4 Kc4 46.
Nb2+ Kxc3 47. Na4+ Kd4 48. Nb2 Nc3 49. Kxh5 Nxa2 50. Kg4 Nc3 51. Kf3 Nxe4 52.
Nd1 b5 53. Ne3 Nc3 54. Nc2+ Kd3 0-1

[Event "Frankfurt Ch 2007"]
[Site "Ffm-Kalbach, LAZ"]
[Date "2007.06.04"]
[Round "5.36"]
[White "Adair, Robin"]
[Black "Götz, Arnold"]
[Result "1-0"]
[WhiteElo "2009"]
[BlackElo "1671"]
[PlyCount "120"]
[EventDate "2007.??.??"]

1. c4 e5 2. g3 Nf6 3. Bg2 Nc6 4. Nc3 Bb4 5. Qb3 Nd4 6. Qa4 Bxc3 7. bxc3 Ne6 8.
Ba3 c5 9. e3 O-O 10. d4 exd4 11. cxd4 d6 12. Ne2 Bd7 13. Qb3 Qa5+ 14. Kf1 Rab8
15. d5 Ba4 16. Qd3 Nc7 17. Bb2 Nce8 18. Bc3 Qa6 19. Bf3 b5 20. cxb5 Bxb5 21.
Qd2 Qa4 22. Kg2 Bxe2 23. Bxe2 Ne4 24. Qd3 Nxc3 25. Qxc3 Nf6 26. Bf3 Rb4 27. h4
Nd7 28. h5 Ne5 29. Bd1 Qb5 30. h6 Qd3 31. Qxd3 Nxd3 32. hxg7 Kxg7 33. Bc2 c4
34. Rh4 Rb2 35. Rxc4 Nb4 36. Bf5 Nxd5 37. Kf3 Ne7 38. Rg4+ Ng6 39. a4 Kf6 40.
Bxg6 hxg6 41. Rd1 Rd8 42. Rc1 Rd7 43. Rf4+ Ke5 44. Rcc4 f5 45. g4 a5 46. gxf5
gxf5 47. Rc8 Rf7 48. Ra8 Rc2 49. Rxa5+ Rc5 50. Ra8 Ke6 51. a5 Rcc7 52. a6 Ra7
53. Rxa7 Rxa7 54. Ra4 Ke5 55. Ra1 d5 56. Ra5 Ke6 57. Kf4 Kf6 58. Rxd5 Rxa6 59.
Rxf5+ Kg6 60. e4 Ra8 1-0

[Event "Frankfurt Ch 2007"]
[Site "Ffm-Kalbach, LAZ"]
[Date "2007.06.04"]
[Round "5.37"]
[White "Götting, Ulrich"]
[Black "Gutacker, Stephan"]
[Result "0-1"]
[WhiteElo "1691"]
[BlackElo "1980"]
[PlyCount "130"]
[EventDate "2007.??.??"]

1. Nf3 Nf6 2. d4 e6 3. g3 b6 4. c4 Bb7 5. Bg2 Be7 6. Nc3 O-O 7. O-O Ne4 8. Qc2
f5 9. Ne5 d5 10. cxd5 exd5 11. e3 Nd7 12. Nxd7 Qxd7 13. Bd2 Rf6 14. Nxe4 fxe4
15. f3 Ba6 16. Rf2 Bd3 17. Qb3 Raf8 18. f4 Bc4 19. Qd1 c5 20. Bc3 Rc6 21. Bf1
Bxf1 22. Qxf1 Bf6 23. Rd1 Rfc8 24. Rfd2 c4 25. a3 Be7 26. h3 b5 27. Rh2 Qc7 28.
Qe1 Ra8 29. Ba5 Qb7 30. Bb4 a6 31. Rc1 Qa7 32. Bxe7 Qxe7 33. Qb4 Qc7 34. Rhc2
Rb8 35. Qe1 a5 36. g4 b4 37. axb4 Rxb4 38. Ra1 Qb6 39. Qe2 Rc7 40. g5 Rb7 41.
Ra2 Rb3 42. Kf2 Qa6 43. Qg4 Rb8 44. h4 g6 45. Qd7 R3b5 46. Qg4 Qc8 47. Qxc8+
Rxc8 48. Ke1 Kf7 49. Kd2 Ke6 50. Kc1 Kf5 51. Rg2 Ra8 52. Ra3 a4 53. Kc2 Rb3 54.
Rxb3 cxb3+ 55. Kb1 Rc8 56. h5 gxh5 57. g6 hxg6 58. Rg5+ Kf6 59. Rxd5 h4 60. Rg5
Rh8 61. Rg2 h3 62. Rh2 Kf5 63. Kc1 Kg4 64. Kd2 Kg3 65. Rh1 h2 0-1

[Event "Frankfurt Ch 2007"]
[Site "Ffm-Kalbach, LAZ"]
[Date "2007.06.04"]
[Round "5.39"]
[White "Bittner, Peter"]
[Black "Fröhlich-Dill, Astrid"]
[Result "1/2-1/2"]
[WhiteElo "1986"]
[BlackElo "1948"]
[PlyCount "83"]
[EventDate "2007.??.??"]

1. e4 e6 2. d4 b6 3. c4 Bb7 4. Nc3 Nf6 5. e5 Ne4 6. Nxe4 Bxe4 7. a3 d6 8. Nf3
Nd7 9. Bf4 Be7 10. Bd3 Bb7 11. O-O O-O 12. Qe2 dxe5 13. dxe5 c5 14. Rad1 Qc7
15. Be4 Bxe4 16. Qxe4 h6 17. Rd3 Rad8 18. h3 Nb8 19. Rfd1 Rxd3 20. Rxd3 Rd8 21.
Rxd8+ Qxd8 22. Qb7 g5 23. Be3 a5 24. b4 axb4 25. axb4 Nd7 26. b5 Bf8 27. Bd2
Bg7 28. Bc3 Kf8 29. Kf1 Ke8 30. Qc6 Qb8 31. g3 Kd8 32. Qe4 Ke7 33. h4 gxh4 34.
Qxh4+ Ke8 35. Qe4 Kf8 36. Qf4 Qa8 37. g4 Qa2 38. Qe4 Qb3 39. Qd3 Ke8 40. Ke2
Qa2+ 41. Ke3 Qa3 42. Ke2 1/2-1/2

[Event "Frankfurt Ch 2007"]
[Site "Ffm-Kalbach, LAZ"]
[Date "2007.06.04"]
[Round "5.40"]
[White "Wolff, Michael"]
[Black "Arnold, Michael"]
[Result "0-1"]
[WhiteElo "1958"]
[BlackElo "1614"]
[PlyCount "77"]
[EventDate "2007.??.??"]

1. e4 d5 2. exd5 Qxd5 3. Nc3 Qd6 4. d4 Nf6 5. Nf3 c6 6. Be2 Bg4 7. Bg5 Nbd7 8.
Ne5 Nxe5 9. Bxf6 Qxf6 10. Bxg4 Nxg4 11. Qxg4 e6 12. O-O-O O-O-O 13. Ne4 Qh6+
14. Qg5 Qxg5+ 15. Nxg5 Rd7 16. Rd3 h6 17. Nf3 Bd6 18. g3 Rhd8 19. Rhd1 Bc7 20.
Ne1 Bb6 21. c3 Rd5 22. Kc2 e5 23. dxe5 Rxe5 24. Rxd8+ Bxd8 25. Nd3 Rf5 26. f4
Bf6 27. Kd2 Kc7 28. Ke3 Rd5 29. Rd2 g5 30. Re2 Kd6 31. Ke4 Bd8 32. fxg5 hxg5
33. Rf2 f6 34. Rf5 Be7 35. h4 Ke6 36. Rxd5 cxd5+ 37. Kd4 gxh4 38. gxh4 f5 39.
Nf4+ {ZÜ} 0-1

[Event "Frankfurt Ch 2007"]
[Site "Ffm-Kalbach, LAZ"]
[Date "2007.06.04"]
[Round "5.41"]
[White "Jordake, Michael"]
[Black "Ganjian, Mehrdad"]
[Result "0-1"]
[WhiteElo "1612"]
[BlackElo "1798"]
[PlyCount "70"]
[EventDate "2007.??.??"]

1. e4 c6 2. d4 d5 3. exd5 cxd5 4. c4 e6 5. Nf3 Nf6 6. Bg5 Nc6 7. Nbd2 Qb6 8.
Nb3 Bb4+ 9. Bd2 Ne4 10. c5 Bxd2+ 11. Nfxd2 Qc7 12. Nxe4 dxe4 13. Qd2 O-O 14.
Be2 Ne7 15. Qe3 f5 16. O-O Bd7 17. a4 Bc6 18. Nd2 Rf6 19. Nc4 f4 20. Qa3 f3 21.
Bd1 fxg2 22. Re1 Raf8 23. Qh3 Bd5 24. Ne3 Rxf2 25. Bg4 R2f6 26. Nxg2 Nc6 27.
Qe3 e5 28. dxe5 Nxe5 29. Qd4 Bc6 30. Be2 Nf3+ 31. Bxf3 exf3 32. Rf1 fxg2 33.
Rxf6 Rxf6 34. Qc4+ Qf7 35. Qd3 Rf1+ 0-1

[Event "Frankfurt Ch 2007"]
[Site "Ffm-Kalbach, LAZ"]
[Date "2007.06.04"]
[Round "5.43"]
[White "Matthis, Peter"]
[Black "Winter, Olaf"]
[Result "1-0"]
[WhiteElo "1785"]
[BlackElo "1571"]
[PlyCount "93"]
[EventDate "2007.??.??"]

1. e4 c5 2. Nf3 Nc6 3. d4 cxd4 4. Nxd4 a6 5. Nc3 e6 6. a3 Nge7 7. Be3 g6 8. Qd2
Bg7 9. O-O-O b5 10. f4 Bb7 11. Nxc6 Bxc6 12. Bc5 Rc8 13. Bd4 f6 14. g4 d5 15.
e5 fxe5 16. fxe5 O-O 17. Qe3 Rf7 18. Bd3 Qf8 19. Kb1 Bh6 20. Qe2 Bb7 21. Rhf1
Nc6 22. Rxf7 Qxf7 23. Bf2 Bf4 24. Bg3 Bxg3 25. hxg3 Rf8 26. Re1 Qf3 27. Qh2
Qxg4 28. Rh1 Rf7 29. Bf1 Qg5 30. Bh3 Qxe5 31. Qd2 Nd8 32. Re1 Qd6 33. Ne4 Qf8
34. Nc3 Bc8 35. Nxd5 exd5 36. Bxc8 Qd6 37. Qd4 Qc6 38. Bh3 Rc7 39. Re2 Nf7 40.
Be6 Qc4 41. Qe5 Re7 42. Rf2 Qc7 43. Qxd5 Kg7 44. Qd4+ Ne5 45. Bb3 Qd7 46. Qb6
Qc6 47. Qd8 1-0

[Event "Frankfurt Ch 2007"]
[Site "Ffm-Kalbach, LAZ"]
[Date "2007.06.04"]
[Round "5.44"]
[White "Müllergroß, Christian"]
[Black "Krohne, Robert"]
[Result "1-0"]
[WhiteElo "1559"]
[BlackElo "1785"]
[PlyCount "106"]
[EventDate "2007.??.??"]

1. e4 e6 2. d3 d5 3. Nd2 c5 4. Ngf3 Nc6 5. g3 Bd6 6. Bg2 Nf6 7. O-O O-O 8. Re1
dxe4 9. dxe4 Qc7 10. Nc4 Rd8 11. Nxd6 Rxd6 12. Qe2 e5 13. c3 b6 14. Nh4 Qe7 15.
f4 Bg4 16. Bf3 Bxf3 17. Qxf3 g6 18. f5 Rad8 19. Bg5 Rd3 20. Re3 Rxe3 21. Qxe3
Rd6 22. fxg6 hxg6 23. Rf1 Nb8 24. Bxf6 Rxf6 25. Rxf6 Qxf6 26. Nf3 Qd6 27. Qd2
Qxd2 28. Nxd2 Kg7 29. h4 Kf6 30. Kf2 Ke6 31. g4 Nd7 32. Kf3 Nf6 33. Nf1 a6 34.
Ng3 b5 35. h5 a5 36. h6 Nh7 37. Nh1 Kf6 38. Nf2 c4 39. b3 Kg5 40. bxc4 bxc4 41.
Nd1 Kxh6 42. Nb2 Nf8 43. Nxc4 Nd7 44. Nxa5 Nc5 45. Nb3 Nb7 46. a4 Kg5 47. a5
Nd6 48. a6 Nb5 49. c4 Nc7 50. a7 Kf6 51. Nc5 Ke7 52. Na6 Na8 53. c5 Kd8 {...}
1-0

[Event "Frankfurt Ch 2007"]
[Site "Ffm-Kalbach, LAZ"]
[Date "2007.06.04"]
[Round "5.46"]
[White "Kutschera, Julian"]
[Black "Popp, Matthias"]
[Result "0-1"]
[WhiteElo "1846"]
[BlackElo "1507"]
[PlyCount "47"]
[EventDate "2007.??.??"]

1. d4 Nf6 2. Nf3 d6 3. e3 Nbd7 4. c4 e5 5. Nc3 c6 6. Qc2 g6 7. b3 Bg7 8. Bb2
O-O 9. Be2 Re8 10. O-O exd4 11. Nxd4 Nc5 12. Rad1 Bg4 13. f3 Be6 14. e4 Nh5 15.
Bc1 Nd7 16. Be3 Ne5 17. Rd2 Qh4 18. Rfd1 Nf4 19. Bf1 Bh6 20. Kh1 Qh5 21. Nxe6
Rxe6 22. g4 Qh4 23. Bf2 Qe7 24. Bg2 {ZÜ} 0-1

[Event "Frankfurt Ch 2007"]
[Site "Ffm-Kalbach, LAZ"]
[Date "2007.06.04"]
[Round "5.47"]
[White "Köroglu, Naim"]
[Black "Calvi, Stefan"]
[Result "0-1"]
[WhiteElo "1627"]
[BlackElo "1909"]
[PlyCount "77"]
[EventDate "2007.??.??"]

1. d4 Nf6 2. c4 c5 3. d5 b5 4. cxb5 a6 5. Nc3 e6 6. dxe6 fxe6 7. e3 Be7 8. bxa6
Nxa6 9. Nf3 O-O 10. Be2 Nb4 11. O-O d5 12. Bd2 Ba6 13. Bxa6 Rxa6 14. a3 Nd3 15.
Qc2 c4 16. Ne1 Nc5 17. Nf3 Bd6 18. Nb5 Nb3 19. Rab1 Bb8 20. Nbd4 Nxd4 21. Nxd4
e5 22. Ne2 Ng4 23. h3 Nf6 24. f3 Rc6 25. Bc3 Qb6 26. Qd2 Re8 27. Ng3 Ba7 28.
Rfe1 d4 29. exd4 exd4 30. Rxe8+ Nxe8 31. Bb4 Nf6 32. Re1 Re6 33. Ne4 Nxe4 34.
fxe4 d3+ 35. Kh1 Rxe4 36. Rf1 h6 37. Qd1 Re2 38. Qa4 Qg6 39. Qc6 0-1

[Event "Frankfurt Ch 2007"]
[Site "Ffm-Kalbach, LAZ"]
[Date "2007.06.04"]
[Round "5.48"]
[White "Fresser, Stefan"]
[Black "Greul, Thomas"]
[Result "1-0"]
[WhiteElo "1805"]
[BlackElo "1302"]
[PlyCount "55"]
[EventDate "2007.??.??"]

1. c4 Nf6 2. Nc3 g6 3. g3 d6 4. Bg2 Bg7 5. d3 c6 6. e4 O-O 7. Nge2 e5 8. O-O
Nbd7 9. h3 a5 10. Be3 Qe7 11. Qd2 Rd8 12. f4 Nc5 13. f5 Ncd7 14. g4 Nxg4 15.
hxg4 gxf5 16. exf5 f6 17. Rf3 e4 18. Nxe4 Ne5 19. Rg3 d5 20. cxd5 Rxd5 21. g5
Kh8 22. gxf6 Bxf6 23. Nxf6 Qxf6 24. Bxd5 cxd5 25. Bd4 Bd7 26. Bxe5 Qxe5 27. Qc3
Qxc3 28. Nxc3 1-0

[Event "Frankfurt Ch 2007"]
[Site "Ffm-Kalbach, LAZ"]
[Date "2007.06.04"]
[Round "5.49"]
[White "Budde, Michael"]
[Black "Kannenberg, Carl-Fr"]
[Result "0-1"]
[WhiteElo "1598"]
[BlackElo "1972"]
[PlyCount "112"]
[EventDate "2007.??.??"]

1. d4 d5 2. Nf3 e6 3. Bf4 Nf6 4. e3 Be7 5. c4 O-O 6. Bd3 dxc4 7. Bxc4 Nbd7 8.
O-O Nh5 9. Bg3 Nxg3 10. hxg3 c5 11. Nc3 cxd4 12. exd4 Nf6 13. Ne5 Nd5 14. Qf3
Nb6 15. Bd3 Qxd4 16. Bxh7+ Kxh7 17. Qh5+ Kg8 18. Rfe1 Qd8 19. Re3 Bf6 20. Rd1
Qe7 21. Ne4 g6 22. Nxf6+ Qxf6 23. Qh6 Nd5 24. Re4 Qh8 25. Qg5 Qh5 26. Qc1 Qf5
27. f3 g5 28. Ng4 Kg7 29. Re5 Qxe5 30. Nxe5 f6 31. Ng4 Bd7 32. Qd2 Rac8 33. f4
gxf4 34. gxf4 Bc6 35. f5 exf5 36. Qh6+ Kf7 37. Qh7+ Ke6 38. Re1+ Kd6 39. Qxf5
Bd7 40. Qf3 Bc6 41. Qa3+ Kc7 42. Qxa7 Ra8 43. Qc5 Rg8 44. Qc4 Ra4 45. Qe2 Raxg4
46. Rf1 Rxg2+ 47. Qxg2 Rxg2+ 48. Kxg2 Ne3+ 49. Kf2 Nxf1 50. Kxf1 Kd6 51. Ke2
Ke5 52. Ke3 f5 53. b4 f4+ 54. Kd3 Bb5+ 55. Kd2 Kd4 56. a3 b6 0-1

[Event "Frankfurt Ch 2007"]
[Site "Ffm-Kalbach, LAZ"]
[Date "2007.06.04"]
[Round "5.51"]
[White "Frank, Dieter"]
[Black "Gehlhar, Michael"]
[Result "0-1"]
[WhiteElo "1505"]
[BlackElo "1712"]
[PlyCount "76"]
[EventDate "2007.??.??"]

1. d4 f5 2. g3 g6 3. Bg2 Nf6 4. Nh3 Bg7 5. Bg5 O-O 6. Bxf6 Bxf6 7. f4 c6 8. c3
d6 9. O-O Qb6 10. Qb3+ Qxb3 11. axb3 Nd7 12. Nd2 Nb6 13. e4 e5 14. fxe5 dxe5
15. d5 cxd5 16. exd5 e4 17. Nf4 Be5 18. Nc4 Bxf4 19. Nxb6 Be3+ 20. Kh1 Bxb6 21.
Rfe1 Bd7 22. c4 Bc5 23. Rad1 a5 24. Rb1 Rf6 25. Bf1 Rb6 26. b4 Rxb4 27. b3 a4
28. bxa4 Raxa4 29. Rxb4 Rxb4 30. Ra1 Ra4 31. Rb1 b6 32. Kg2 Ra2+ 33. Kh1 Kf7
34. h3 Kf6 35. Rd1 Ke5 36. h4 h6 37. Bh3 Bd4 38. Rb1 Ra1 0-1

[Event "Frankfurt Ch 2007"]
[Site "Ffm-Kalbach, LAZ"]
[Date "2007.06.04"]
[Round "5.52"]
[White "Bongardt, Torsten"]
[Black "Plattner, Rolf"]
[Result "0-1"]
[WhiteElo "1340"]
[BlackElo "1916"]
[PlyCount "60"]
[EventDate "2007.??.??"]

1. d4 f5 2. c4 Nf6 3. Nc3 e6 4. e3 Be7 5. Bd3 d5 6. Nge2 O-O 7. O-O c6 8. Bd2
Nbd7 9. Rc1 Qe8 10. cxd5 Nxd5 11. Nxd5 exd5 12. Qc2 g6 13. Qb3 Nf6 14. Bb4 Be6
15. Nf4 Bf7 16. Rc2 Bxb4 17. Qxb4 Qd7 18. Rfc1 Rae8 19. Ne2 Re7 20. Qc5 Ne4 21.
Qxa7 Rfe8 22. Nc3 Nxc3 23. Rxc3 Qd6 24. Qa3 Qf6 25. Kf1 f4 26. exf4 Qxf4 27. g3
Qxd4 28. Qc5 Qg4 29. Kg1 Qh3 30. Bf1 Re1 0-1

[Event "Frankfurt Ch 2007"]
[Site "Ffm-Kalbach, LAZ"]
[Date "2007.06.04"]
[Round "5.53"]
[White "Stricker, Konstantin"]
[Black "Meiser, Nicolas"]
[Result "1-0"]
[WhiteElo "1688"]
[BlackElo "1214"]
[PlyCount "97"]
[EventDate "2007.??.??"]

1. e4 c6 2. d4 d5 3. exd5 cxd5 4. Nf3 Bg4 5. Be2 Nf6 6. O-O e6 7. h3 Bh5 8. Re1
Bd6 9. Bg5 Nbd7 10. Nbd2 O-O 11. Nf1 Qb6 12. Bc1 Rac8 13. c3 a5 14. Ne5 Bxe2
15. Nxd7 Nxd7 16. Qxe2 e5 17. dxe5 Bxe5 18. Qg4 Qd6 19. Ne3 Nf6 20. Qf3 Rfe8
21. Rd1 Rc5 22. Nf5 Qe6 23. Be3 Rb5 24. Rab1 g6 25. Nd4 Bxd4 26. Bxd4 Ne4 27.
Re1 Qc6 28. Qd1 a4 29. f3 Ng3 30. Rxe8+ Qxe8 31. Bf2 Ne2+ 32. Kf1 Nf4 33. Qd2
Nh5 34. Re1 Qc8 35. Kg1 Qf8 36. Re5 a3 37. b3 Nf6 38. b4 Qd6 39. Bd4 Qd7 40.
Qh6 Qd8 41. Qe3 Kg7 42. Qe2 Qd7 43. g4 Kf8 44. Qe3 Ng8 45. Bc5+ Kg7 46. Re8 Nf6
47. Bd4 h6 48. Bxf6+ Kxf6 49. Qe5# 1-0

[Event "Frankfurt Ch 2007"]
[Site "Ffm-Kalbach, LAZ"]
[Date "2007.06.04"]
[Round "5.54"]
[White "Krüger, Jens"]
[Black "Bender, Manfred"]
[Result "0-1"]
[WhiteElo "1390"]
[BlackElo "1830"]
[PlyCount "42"]
[EventDate "2007.??.??"]

1. e4 e5 2. Nf3 Nc6 3. Nc3 Nf6 4. Bc4 Be7 5. d3 O-O 6. O-O d6 7. Nd5 Bg4 8.
Nxe7+ Nxe7 9. Bg5 Ng6 10. d4 exd4 11. Bxf6 Qxf6 12. Qxd4 Qf4 13. Be2 Rfe8 14.
h3 Rxe4 15. Qd1 Bd7 16. Bd3 Re6 17. Re1 Rxe1+ 18. Qxe1 Re8 19. Qa5 Bxh3 20.
gxh3 Qxf3 21. Qb5 Re5 0-1

[Event "Frankfurt Ch 2007"]
[Site "Ffm-Kalbach, LAZ"]
[Date "2007.06.04"]
[Round "5.55"]
[White "Stulken, Dietmar"]
[Black "Jung, Bernd"]
[Result "1/2-1/2"]
[WhiteElo "1339"]
[BlackElo "1676"]
[PlyCount "171"]
[EventDate "2007.??.??"]

1. e4 c6 2. d4 d5 3. exd5 Qxd5 4. Nc3 Qa5 5. Be3 Bf5 6. Bd3 e6 7. Bxf5 Qxf5 8.
Nge2 Bd6 9. Qd2 Nf6 10. Bf4 Bxf4 11. Nxf4 Nbd7 12. f3 O-O-O 13. O-O-O e5 14.
Nfe2 Nb6 15. Qe1 exd4 16. Nxd4 Qa5 17. Nb3 Qg5+ 18. Kb1 Qxg2 19. Qg3 Rxd1+ 20.
Rxd1 Qxg3 21. hxg3 Nbd5 22. Ne2 Re8 23. Ned4 h6 24. Nf5 Rd8 25. Kc1 Nh5 26. g4
Nhf4 27. Rd2 h5 28. Nxg7 hxg4 29. fxg4 Rg8 30. Nf5 Rxg4 31. Nd6+ Kd7 32. Nxb7
Rg1+ 33. Rd1 Rxd1+ 34. Kxd1 Ne6 35. N7c5+ Nxc5 36. Nxc5+ Kd6 37. Nd3 f5 38. Ke2
c5 39. c4 Ne7 40. Ke3 Ng6 41. Nf4 Ne5 42. b3 Nc6 43. Nd3 a5 44. Kf4 Nd4 45. Nc1
Ke6 46. Nd3 Kd6 47. Nc1 Kc6 48. Nd3 Kb6 49. Nc1 Kc7 50. Nd3 Kd6 51. Nc1 Ke6 52.
Nd3 Kf6 53. Nxc5 Ne6+ 54. Nxe6 Kxe6 55. c5 Kd5 56. c6 Kxc6 57. Kxf5 Kc5 58. Ke4
Kb4 59. Kd3 Ka3 60. Kc2 Kxa2 61. Kc3 Ka3 62. Kc2 Kb4 63. Kb2 Kc5 64. Kc3 Kd5
65. Kb2 Kc6 66. Kc3 Kc5 67. Kb2 Kb4 68. Kc2 Kc5 69. Kc3 Kd5 70. Kb2 Kc5 71. Kc3
Kb5 72. Kb2 Kb4 73. Kc2 Ka3 74. Kc3 Ka2 75. Kc2 Ka1 76. Kc3 Kb1 77. Kc4 Kb2 78.
b4 a4 79. b5 a3 80. b6 Kc2 81. b7 a2 82. b8=Q a1=Q 83. Qb3+ Kd2 84. Qd3+ Ke1
85. Qc3+ Qxc3+ 86. Kxc3 1/2-1/2

[Event "Frankfurt Ch 2007"]
[Site "Ffm-Kalbach, LAZ"]
[Date "2007.06.04"]
[Round "5.56"]
[White "Evertz, Wolfgang"]
[Black "Lietzau, Olaf"]
[Result "0-1"]
[WhiteElo "1150"]
[BlackElo "1665"]
[PlyCount "66"]
[EventDate "2007.??.??"]

1. e4 d6 2. d4 g6 3. Nc3 Bg7 4. Nf3 Nf6 5. Be2 O-O 6. O-O a5 7. a4 Nc6 8. h3 e5
9. d5 Nb4 10. Bc4 Kh8 11. Re1 Nh5 12. g4 Nf6 13. Bg5 Qd7 14. Nh2 h5 15. f3 Nh7
16. Bh4 Bh6 17. Ne2 f5 18. c3 Na6 19. Bxa6 Rxa6 20. Rf1 Ra8 21. b3 b6 22. c4
Bb7 23. Qd3 Rf7 24. Rf2 g5 25. Ng3 gxh4 26. Nxf5 Bf4 27. Nxh4 Bg3 28. Ng6+ Kg7
29. Rg2 Bxh2+ 30. Kxh2 Kxg6 31. Rag1 h4 32. g5 Rf4 33. Rg4 Raf8 0-1

[Event "Frankfurt Ch 2007"]
[Site "Ffm-Kalbach, LAZ"]
[Date "2007.06.04"]
[Round "5.60"]
[White "Knott, Tilo"]
[Black "Ebertz, Michael"]
[Result "1/2-1/2"]
[WhiteElo "1480"]
[BlackElo "1645"]
[PlyCount "63"]
[EventDate "2007.??.??"]

1. d4 Nf6 2. Nc3 d5 3. Bg5 Bf5 4. Nf3 Nbd7 5. e3 Ne4 6. Bd3 Nxc3 7. bxc3 Bg6 8.
O-O Bh5 9. Rb1 f6 10. Bf4 e5 11. dxe5 fxe5 12. Bg5 Bxf3 13. Bxd8 Bxd1 14. Bxc7
Bg4 15. Rxb7 a6 16. Rfb1 e4 17. Bf1 Bc5 18. c4 d4 19. exd4 Bxd4 20. Bd6 e3 21.
fxe3 Bxe3+ 22. Kh1 Bc5 23. Re1+ Kd8 24. Bxc5 Nxc5 25. Rxg7 Be6 26. Bd3 h6 27.
Re5 Rc8 28. h3 h5 29. Bf5 Bxf5 30. Rxf5 h4 31. Rd5+ Ke8 32. Re5+ 1/2-1/2

[Event "Frankfurt Ch 2007"]
[Site "Ffm-Kalbach, LAZ"]
[Date "2007.06.04"]
[Round "5.61"]
[White "Smith-Meyer, Geir"]
[Black "Lehmann, Gerit"]
[Result "1-0"]
[WhiteElo "1640"]
[BlackElo "1443"]
[PlyCount "57"]
[EventDate "2007.??.??"]

1. d4 d5 2. Bf4 Bf5 3. c3 Nf6 4. Nf3 e6 5. e3 h6 6. Bd3 Bxd3 7. Qxd3 Bd6 8.
Nbd2 Bxf4 9. exf4 Qd6 10. Ne5 Nc6 11. Ndf3 Nd7 12. Nxc6 Qxc6 13. O-O O-O 14.
Rae1 Qd6 15. Ne5 Rfe8 16. Re3 Re7 17. g4 c5 18. g5 cxd4 19. cxd4 hxg5 20. fxg5
Nxe5 21. dxe5 Qc7 22. g6 Qc4 23. gxf7+ Kxf7 24. Qh7 Qg4+ 25. Rg3 Qf5 26. Qxg7+
Ke8 27. Qh8+ Qf8 28. Rg8 Rg7+ 29. Qxg7 1-0

[Event "Frankfurt Ch 2007"]
[Site "Ffm-Kalbach, LAZ"]
[Date "2007.06.04"]
[Round "5.62"]
[White "Kletzerman, Simon"]
[Black "Adair, Monte"]
[Result "1-0"]
[WhiteElo "1534"]
[BlackElo "1412"]
[PlyCount "33"]
[EventDate "2007.??.??"]

1. e4 e5 2. Nf3 Nc6 3. Bc4 Be7 4. d4 exd4 5. Nxd4 Nf6 6. O-O O-O 7. Nf5 Bc5 8.
Bg5 h6 9. Be3 Nxe4 10. Nxh6+ gxh6 11. Qg4+ Kh7 12. Qf5+ Kh8 13. Qxe4 Qe7 14.
Qf4 Bxe3 15. fxe3 f6 16. Qxh6+ Qh7 17. Qxf8+ 1-0

[Event "Frankfurt Ch 2007"]
[Site "Ffm-Kalbach, LAZ"]
[Date "2007.06.04"]
[Round "5.63"]
[White "Lewien, Frank"]
[Black "El-Lawindy, Asem"]
[Result "0-1"]
[WhiteElo "1435"]
[BlackElo "1526"]
[PlyCount "96"]
[EventDate "2007.??.??"]

1. d4 d5 2. Nf3 Nf6 3. e3 b6 4. Bd3 Bb7 5. Nbd2 Nbd7 6. O-O e6 7. c4 c6 8. Qe2
Bd6 9. e4 dxe4 10. Nxe4 Nxe4 11. Qxe4 Nf6 12. Qh4 Qc7 13. Bg5 Be7 14. Bf4 Qd8
15. Qg3 Nh5 16. Qg4 Nxf4 17. Qxf4 Bf6 18. Rad1 O-O 19. Qe4 g6 20. h4 Qc7 21.
Qe3 c5 22. Be4 cxd4 23. Qd3 Bxe4 24. Qxe4 Qxc4 25. b3 Qa6 26. Rd2 Qa5 27. Qf4
Kg7 28. Re1 Rfe8 29. Ne5 d3 30. g4 Bxe5 31. Rxe5 Qc3 32. g5 Qc1+ 33. Kg2 Qc6+
34. f3 Rad8 35. Qf6+ Kg8 36. Re4 Rd5 37. Qf4 Rf5 38. Qe3 Rd8 39. Kg3 Qd6+ 40.
Kg2 Rd5 41. f4 Qc5 42. Qf3 Qc1 43. Qe3 Rd4 44. Rxe6 Qc8 45. Re8+ Rxe8 46. Qxd4
Qg4+ 47. Kf1 Qf3+ 48. Qf2 Qh1+ 0-1

[Event "Frankfurt Ch 2007"]
[Site "Ffm-Kalbach, LAZ"]
[Date "2007.06.04"]
[Round "5.64"]
[White "Vogelgesang, Marc"]
[Black "Bauer, Alfred"]
[Result "1-0"]
[WhiteElo "1520"]
[BlackElo "1410"]
[PlyCount "87"]
[EventDate "2007.??.??"]

1. e4 e6 2. Nf3 d5 3. d3 Nf6 4. Qe2 c6 5. g3 Be7 6. Bg2 Nbd7 7. e5 Ng8 8. d4 c5
9. c3 cxd4 10. Nxd4 Qc7 11. f4 a6 12. O-O Bc5 13. Be3 Ne7 14. Nd2 O-O 15. N2b3
Ba7 16. Rac1 Nb6 17. Nd2 Bd7 18. N2f3 Nc4 19. Bf2 b5 20. Kh1 Rac8 21. Rc2 Qb8
22. Rfc1 Rc7 23. Bf1 Rb7 24. Qd3 b4 25. cxb4 Rxb4 26. b3 Na5 27. Qxa6 Bb6 28.
Qd3 Bd8 29. Be1 Rb5 30. Nxb5 Bxb5 31. Qxb5 Nb7 32. Nd4 Qa8 33. Nc6 Nf5 34. Nxd8
Rxd8 35. Bf2 d4 36. Bg2 d3 37. Rd2 Qa3 38. Rcd1 Rb8 39. Bxb7 Qe7 40. Qxd3 Qxb7+
41. Kg1 h6 42. Rc1 Ne7 43. Qd7 Qb4 44. Bc5 1-0